Statistics for 5 Biggest Cities : France

Click here to take the quiz!

General Stats

  • This quiz has been taken 118 times
  • The average score is 4 of 5

Answer Stats

RankCity% Correct
1Paris
100%
3.Lyon
93%
2.Marseille
91%
5.Nice
83%
4.Toulouse
67%

Score Distribution

Percentile by Number Answered

Percent of People with Each Score

Your Score History

You have not taken this quiz